[Event "RUS-chT U20"]
[Site "Kolomna"]
[Date "2014.08.08"]
[Round "7"]
[White "Gordievsky, Dmitry"]
[Black "Gevondian, Arman"]
[Result "1-0"]
[WhiteElo "2439"]
[BlackElo "1936"]
[PlyCount "134"]
[EventDate "2014.08.02"]
[EventType "swiss"]
[EventRounds "9"]
[EventCountry "RUS"]
[SourceTitle "EXT 2016"]
[Source "ChessBase"]
[SourceDate "2015.10.08"]
[SourceVersion "1"]
[SourceVersionDate "2015.10.08"]
[SourceQuality "1"]

1. d4 d5 2. Nf3 Nf6 3. c4 dxc4 4. e3 e6 5. Bxc4 c5 6. 0-0 a6 7. e4 b5 8. Bd3 cxd4 9. a4 b4 10. e5 Nd5 11. Nbd2 Nd7 12. Nb3 Nc5 13. Bg5 Be7 14. Nxc5 Bxg5 15. Nxg5 Qxg5 16. Re1 0-0 17. Be4 Rd8 18. a5 Rb8 19. Rc1 Nf4 20. Kh1 d3 21. Qd2 h6 22. Rc4 Kh8 23. g3 Nh3 24. Qxg5 Nxg5 25. Bc6 f6 26. f4 Nf7 27. Rce4 fxe5 28. fxe5 Ng5 29. R4e3 d2 30. Rd1 Rd4 31. b3 Nf7 32. Re2 Nd8 33. Be4 Bb7 34. Bxb7 Nxb7 35. Nxe6 Rd7 36. Nf4 Rc8 37. Kg2 Re8 38. e6 Rd6 39. Rdxd2 Rxd2 40. Rxd2 g5 41. Ng6+ Kg7 42. Rd7+ Kxg6 43. Rxb7 Rxe6 44. Rxb4 Re3 45. Rb6+ Kf5 46. Rxa6 Rxb3 47. Rxh6 Ra3 48. a6 g4 49. Kf2 Ke4 50. Re6+ Kd4 51. Rd6+ Ke4 52. Re6+ Kd4 53. Rf6 Ra2+ 54. Kg1 Ke3 55. Re6+ Kf3 56. Rf6+ Ke3 57. h3 gxh3 58. Kh1 Ke4 59. g4 Ke5 60. g5 h2 61. Rb6 Rd2 62. g6 Rd8 63. g7 Kf4 64. a7 Kg3 65. Rb3+ Kf2 66. Kxh2 Re8 67. Ra3 Re6 1-0

[Event "Moscow op-A"]
[Site "Moscow"]
[Date "2012.02.03"]
[Round "7"]
[White "Gevondian, Arman"]
[Black "Arun Prasad, Subramanian"]
[Result "0-1"]
[WhiteElo "1936"]
[BlackElo "2530"]
[PlyCount "92"]
[EventDate "2012.01.28"]
[EventType "swiss"]
[EventRounds "9"]
[EventCountry "RUS"]
[SourceTitle "CBM 146 Extra"]
[Source "ChessBase"]
[SourceDate "2012.02.29"]
[SourceVersion "1"]
[SourceVersionDate "2012.02.29"]
[SourceQuality "1"]

1. d4 Nf6 2. c4 e6 3. Nf3 b6 4. a3 Bb7 5. Nc3 d5 6. cxd5 exd5 7. Bf4 Bd6 8. Bg3 0-0 9. e3 a6 10. Bd3 Re8 11. Qc2 c5 12. Bh4 g6 13. 0-0 c4 14. Be2 b5 15. Nd2 Nbd7 16. Bf3 Qb6 17. Rad1 Rac8 18. e4 Qxd4 19. Ndb1 Qb6 20. Bxf6 Nxf6 21. Nxd5 Bxd5 22. exd5 Nd7 23. Nc3 f5 24. Ne2 Ne5 25. Nd4 Bc5 26. Ne6 Nd3 27. Rxd3 cxd3 28. Qxd3 Bd6 29. h4 Be5 30. Qd2 Qd6 31. Qg5 Qe7 32. b4 Qxg5 33. hxg5 Bd6 34. Ra1 Rc3 35. Kf1 Rec8 36. Ke2 Rc2+ 37. Ke1 Rc1+ 38. Rxc1 Rxc1+ 39. Ke2 Kf7 40. Kd3 Ra1 41. Kd4 Rxa3 42. Nc5 Ke7 43. Nd3 Bb8 44. Bd1 Ba7+ 45. Nc5 Kd6 46. f4 a5 0-1

[Event "Moscow op-A"]
[Site "Moscow"]
[Date "2012.01.30"]
[Round "3"]
[White "Shchukin, Dmitry"]
[Black "Gevondian, Arman"]
[Result "1-0"]
[WhiteElo "2355"]
[BlackElo "1936"]
[PlyCount "51"]
[EventDate "2012.01.28"]
[EventType "swiss"]
[EventRounds "9"]
[EventCountry "RUS"]
[SourceTitle "CBM 146 Extra"]
[Source "ChessBase"]
[SourceDate "2012.02.29"]
[SourceVersion "1"]
[SourceVersionDate "2012.02.29"]
[SourceQuality "1"]

1. e4 e6 2. d3 d5 3. Nd2 Nf6 4. Ngf3 Be7 5. g3 0-0 6. Bg2 c5 7. 0-0 Nc6 8. Re1 b5 9. e5 Nd7 10. h4 Qc7 11. Qe2 a5 12. Nf1 Ba6 13. Bf4 b4 14. Ne3 Rfc8 15. Nxd5 exd5 16. e6 Bd6 17. Bxd6 Qxd6 18. exd7 Qxd7 19. Ng5 Re8 20. Qh5 h6 21. Nxf7 Ne7 22. Rxe7 Rxe7 23. Nxh6+ Kf8 24. Nf5 Re5 25. Qh8+ Kf7 26. Qxg7+ 1-0

[Event "Moscow Victory Day op"]
[Site "Moscow"]
[Date "2011.05.01"]
[Round "2"]
[White "Gevondian, Arman"]
[Black "Ulko, Jaroslav"]
[Result "0-1"]
[WhiteElo "1936"]
[BlackElo "2476"]
[PlyCount "56"]
[EventDate "2011.04.30"]
[EventType "swiss"]
[EventRounds "9"]
[EventCountry "RUS"]
[SourceTitle "CBM 142 Extra"]
[Source "ChessBase"]
[SourceDate "2011.06.27"]
[SourceVersion "1"]
[SourceVersionDate "2011.06.27"]
[SourceQuality "1"]

1. d4 Nf6 2. c4 g6 3. Nc3 Bg7 4. e4 d6 5. f3 0-0 6. Be3 e5 7. Nge2 c6 8. Qd2 Nbd7 9. d5 cxd5 10. cxd5 a6 11. Nc1 Nh5 12. Nd3 f5 13. Be2 Ndf6 14. 0-0 f4 15. Bf2 g5 16. h3 Bd7 17. b4 Kh8 18. Nb2 Ng3 19. Rfc1 g4 20. Bxg3 fxg3 21. fxg4 Nxg4 22. Bxg4 Bxg4 23. Rf1 Qh4 24. Rxf8+ Rxf8 25. Rf1 Rc8 26. Ncd1 Bh6 27. Qd3 Bxh3 28. Rf3 Bxg2 0-1

[Event "Moscow-ch U18"]
[Site "Moscow"]
[Date "2010.11.22"]
[Round "2"]
[White "Stankevich, Konstantin"]
[Black "Gevondian, Arman"]
[Result "1/2-1/2"]
[WhiteElo "1905"]
[BlackElo "1936"]
[PlyCount "99"]
[EventDate "2010.11.21"]
[EventType "swiss"]
[EventRounds "9"]
[EventCountry "RUS"]
[SourceTitle "EXT 2012"]
[Source "ChessBase"]
[SourceDate "2011.11.24"]
[SourceVersion "1"]
[SourceVersionDate "2011.11.24"]
[SourceQuality "1"]

1. e4 e6 2. d4 d5 3. Nc3 Nf6 4. e5 Nfd7 5. f4 c5 6. Nf3 Nc6 7. Be3 a6 8. a3 Qc7 9. Be2 b5 10. 0-0 g6 11. Kh1 Bb7 12. Bf2 Qb6 13. a4 b4 14. a5 Qc7 15. Na4 c4 16. Nb6 Nxb6 17. axb6 Qxb6 18. Bh4 Be7 19. Bg5 h6 20. Bxe7 Nxe7 21. Qe1 Nf5 22. Qf2 h5 23. h3 h4 24. Rfb1 a5 25. Bd1 Qd8 26. Ng5 Qe7 27. c3 0-0 28. Bg4 Ng3+ 29. Kh2 Kg7 30. Bd1 Rh8 31. Ra2 b3 32. Raa1 a4 33. Ra3 Kf8 34. Bg4 Ke8 35. Qe3 Bc6 36. Re1 Kd7 37. Qf2 Kc7 38. Qe3 Ra7 39. Qf2 Rb7 40. Rb1 Rbb8 41. Re1 Rbe8 42. Qe3 Kb6 43. Qf2 Bd7 44. Qe3 Qf8 45. Raa1 Qg7 46. Nf3 Ne4 47. Ng5 Ng3 48. Nf3 Ne4 49. Ng5 Ng3 50. Nf3 1/2-1/2

[Event "Moscow op-B"]
[Site "Moscow"]
[Date "2009.02.06"]
[Round "7"]
[White "Gevondian, Arman"]
[Black "Golovnin, Maxim"]
[Result "1-0"]
[WhiteElo "2081"]
[BlackElo "1400"]
[PlyCount "91"]
[EventDate "2009.01.31"]
[EventType "swiss"]
[EventRounds "9"]
[EventCountry "RUS"]
[SourceTitle "EXT 2012"]
[Source "ChessBase"]
[SourceDate "2011.11.24"]
[SourceVersion "1"]
[SourceVersionDate "2011.11.24"]
[SourceQuality "1"]

1. d4 e6 2. c4 Nf6 3. Nf3 d5 4. Nc3 Be7 5. Bg5 0-0 6. cxd5 exd5 7. e3 c6 8. Bd3 Nbd7 9. Qc2 Re8 10. 0-0 h6 11. Bf4 Nh5 12. Nxd5 Nxf4 13. Nxf4 Bd6 14. Ne2 Nf8 15. Bf5 Bc7 16. Rfd1 Be6 17. Bxe6 Nxe6 18. Nc3 Ng5 19. Qe2 Qd6 20. g3 Rad8 21. Nxg5 hxg5 22. d5 Ba5 23. Rac1 Rc8 24. Qg4 Bxc3 25. Rxc3 Rcd8 26. Rcd3 cxd5 27. Rxd5 Qxd5 28. Rxd5 Rxd5 29. Qa4 Ra8 30. Qb3 Rd7 31. Qb5 Rad8 32. Qxg5 Rd2 33. Qe7 R8d7 34. Qe8+ Kh7 35. h4 Rc7 36. h5 Rcc2 37. Qxf7 Rxb2 38. g4 Rb6 39. g5 Rdd6 40. Qf5+ Kg8 41. g6 Rd8 42. Qf7+ Kh8 43. h6 Rg8 44. hxg7+ Rxg7 45. Qf8+ Rg8 46. Qh6# 1-0

[Event "Moscow op-B"]
[Site "Moscow"]
[Date "2009.02.05"]
[Round "6"]
[White "Volkov, Sergei"]
[Black "Gevondian, Arman"]
[Result "1-0"]
[WhiteElo "2286"]
[BlackElo "2081"]
[PlyCount "59"]
[EventDate "2009.01.31"]
[EventType "swiss"]
[EventRounds "9"]
[EventCountry "RUS"]
[SourceTitle "EXT 2012"]
[Source "ChessBase"]
[SourceDate "2011.11.24"]
[SourceVersion "1"]
[SourceVersionDate "2011.11.24"]
[SourceQuality "1"]

1. e4 e5 2. Nc3 Nf6 3. f4 d5 4. fxe5 Nxe4 5. Nf3 Nc6 6. d3 Nxc3 7. bxc3 d4 8. cxd4 Nxd4 9. c3 Nxf3+ 10. Qxf3 c6 11. d4 Be6 12. Bd3 Qh4+ 13. g3 Qg4 14. Qxg4 Bxg4 15. 0-0 Be6 16. Rb1 0-0-0 17. Bf5 Bxf5 18. Rxf5 Rd7 19. Kf1 Kd8 20. Be3 Ke8 21. Ke2 a5 22. Kd3 b5 23. c4 b4 24. Ke4 Rc7 25. e6 Re7 26. Rxa5 Rxe6+ 27. Kd3 Be7 28. Ra8+ Bd8 29. Rxb4 c5 30. Rxd8+ 1-0

[Event "Moscow op-B"]
[Site "Moscow"]
[Date "2009.02.04"]
[Round "5"]
[White "Gevondian, Arman"]
[Black "Ayvazyan, Nikita"]
[Result "1-0"]
[WhiteElo "2081"]
[BlackElo "1962"]
[PlyCount "56"]
[EventDate "2009.01.31"]
[EventType "swiss"]
[EventRounds "9"]
[EventCountry "RUS"]
[SourceTitle "EXT 2012"]
[Source "ChessBase"]
[SourceDate "2011.11.24"]
[SourceVersion "1"]
[SourceVersionDate "2011.11.24"]
[SourceQuality "1"]

1. e4 d5 2. exd5 Nf6 3. d4 Bg4 4. f3 Bf5 5. g4 Bg6 6. c4 c6 7. dxc6 Nxc6 8. d5 Nb8 9. Nc3 Na6 10. Be3 e6 11. Qa4+ Qd7 12. dxe6 Qxa4 13. exf7+ Kxf7 14. Nxa4 Nxg4 15. fxg4 Be4 16. Nf3 Bxf3 17. Rg1 Nb4 18. Bg2 Bxg2 19. Rxg2 Re8 20. Kd2 Rd8+ 21. Ke2 Re8 22. Rf1+ Kg6 23. h4 h6 24. Rf3 Nc2 25. h5+ Kh7 26. Kd2 Nxe3 27. Rxe3 Rxe3 28. Kxe3 Be7 1-0

[Event "Moscow op-B"]
[Site "Moscow"]
[Date "2009.02.01"]
[Round "3"]
[White "Gevondian, Arman"]
[Black "Gorulev, Alexander"]
[Result "0-1"]
[WhiteElo "2081"]
[BlackElo "1400"]
[PlyCount "80"]
[EventDate "2009.01.31"]
[EventType "swiss"]
[EventRounds "9"]
[EventCountry "RUS"]
[SourceTitle "EXT 2012"]
[Source "ChessBase"]
[SourceDate "2011.11.24"]
[SourceVersion "1"]
[SourceVersionDate "2011.11.24"]
[SourceQuality "1"]

1. d4 Nf6 2. c4 e6 3. Nc3 Bb4 4. a3 Bxc3+ 5. bxc3 c5 6. Qc2 Nc6 7. Nf3 d6 8. Bg5 h6 9. Bxf6 Qxf6 10. e3 0-0 11. Be2 e5 12. Rd1 Bg4 13. 0-0 Rfe8 14. dxc5 dxc5 15. Ne1 Bxe2 16. Qxe2 e4 17. Rc1 Ne5 18. f4 exf3 19. Nxf3 Qe6 20. Nxe5 Qxe5 21. Rf3 Re7 22. Qd3 Rae8 23. Rf5 Qxe3+ 24. Qxe3 Rxe3 25. Rxc5 R8e7 26. Rc8+ Kh7 27. c5 Rd3 28. c6 bxc6 29. Rxc6 Rd2 30. Rc4 Ree2 31. Rg4 f5 32. Rg3 g5 33. c4 f4 34. Rh3 Rxg2+ 35. Kh1 g4 36. Rh4 Kg6 37. c5 Kg5 38. c6 Rc2 39. c7 Rxc1+ 40. Kxg2 Rxc7 0-1

[Event "Moscow Petrosian Memorial U18"]
[Site "Moscow"]
[Date "2009.01.??"]
[Round "9"]
[White "Gevondian, Arman"]
[Black "Lushnikov, Evgeny"]
[Result "1/2-1/2"]
[WhiteElo "2082"]
[BlackElo "1961"]
[PlyCount "51"]
[EventDate "2009.01.??"]
[EventType "swiss"]
[EventRounds "9"]
[EventCountry "RUS"]
[SourceTitle "EXT 2010"]
[Source "ChessBase"]
[SourceDate "2010.11.25"]
[SourceVersion "1"]
[SourceVersionDate "2010.11.25"]
[SourceQuality "1"]

1. d4 Nf6 2. c4 g6 3. Nc3 Bg7 4. e4 d6 5. f3 0-0 6. Be3 c5 7. Nge2 Nc6 8. Qd2 a6 9. d5 Ne5 10. Ng3 h5 11. Bd3 h4 12. Nge2 h3 13. 0-0 hxg2 14. Kxg2 Qd7 15. Kh1 Qh3 16. Ng1 Qh7 17. Be2 Nh5 18. Qe1 f5 19. f4 Ng4 20. Bxg4 fxg4 21. Nge2 b5 22. cxb5 axb5 23. Rg1 g3 24. Nxg3 Nxf4 25. Bxf4 Rxf4 26. Qd2 1/2-1/2

[Event "Moscow Petrosian Memorial U18"]
[Site "Moscow"]
[Date "2009.01.??"]
[Round "2"]
[White "Gevondian, Arman"]
[Black "Repina, Varvara"]
[Result "0-1"]
[WhiteElo "2082"]
[BlackElo "2259"]
[PlyCount "44"]
[EventDate "2009.01.??"]
[EventType "swiss"]
[EventRounds "9"]
[EventCountry "RUS"]
[SourceTitle "EXT 2010"]
[Source "ChessBase"]
[SourceDate "2010.11.25"]
[SourceVersion "1"]
[SourceVersionDate "2010.11.25"]
[SourceQuality "1"]

1. d4 d5 2. c4 e6 3. Nc3 Be7 4. Nf3 Nf6 5. cxd5 exd5 6. Bg5 c6 7. e3 Bf5 8. Nh4 Bg6 9. Nxg6 hxg6 10. Bd3 Nbd7 11. Qc2 Rc8 12. Rd1 Qc7 13. Bf4 Bd6 14. Bxd6 Qxd6 15. h3 g5 16. Kd2 Kf8 17. Be2 g6 18. Kc1 Kg7 19. Kb1 b5 20. Bf3 Rhe8 21. Qd2 Nb6 22. Be2 b4 0-1

[Event "Moscow Petrosian Memorial U18"]
[Site "Moscow"]
[Date "2009.01.??"]
[Round "3"]
[White "Severina, Maria"]
[Black "Gevondian, Arman"]
[Result "1/2-1/2"]
[WhiteElo "1940"]
[BlackElo "2082"]
[PlyCount "54"]
[EventDate "2009.01.??"]
[EventType "swiss"]
[EventRounds "9"]
[EventCountry "RUS"]
[SourceTitle "EXT 2010"]
[Source "ChessBase"]
[SourceDate "2010.11.25"]
[SourceVersion "1"]
[SourceVersionDate "2010.11.25"]
[SourceQuality "1"]

1. d4 Nf6 2. c4 c5 3. Nf3 e6 4. Nc3 cxd4 5. Nxd4 d5 6. e3 dxc4 7. Bxc4 Bc5 8. 0-0 0-0 9. Nce2 a6 10. a4 b6 11. b3 Bb7 12. Bb2 Qe7 13. Ng3 Rd8 14. Qe2 a5 15. Rfd1 Nc6 16. Nb5 Nb4 17. Nh5 Nxh5 18. Qxh5 Rxd1+ 19. Rxd1 Rd8 20. Rxd8+ Qxd8 21. Qg4 Bf8 22. h3 Bd5 23. Qd4 Qg5 24. Bxd5 Qxd5 25. Qxd5 Nxd5 26. e4 Nf6 27. Bd4 Nd7 1/2-1/2